Sports Quiz

Random Sports or MLB Quiz
Score 0/26 Timer 05:00
0 Plays Today
% Correct
Ken Griffey Jr
89.8%
Alex Rodriguez
74.9%
Justin Upton
72.1%
Adrian Gonzalez
71.1%
Chipper Jones
69.2%
Steven Strasburg
68%
Joe Mauer
67.7%
Darin Erstad
65.7%
Josh Hamilton
64.1%
Gerrit Cole
63.9%
David Price
63.1%
Phil Nevin
61.5%
Shawon Dunston
61.2%
% Correct
B J Surhoff
60.5%
Brien Taylor
57.6%
Andy Benes
57.2%
Rick Monday
57%
Harold Baines
51.3%
Bryce Harper
48.9%
Mike Moore
46.4%
Darryl Strawberry
43%
Steve Chilcott
42.7%
Jeff Bannister
39.8%
Jeff Burroughs
32%
Danny Goodwin
25.3%
Bob Horner
18.7%

You're not logged in!

Compare scores with friends on all Sporcle quizzes.
OR
Log In

Sporcle TV

Today on Sporcle TV


Watch our educational content, quiz creation guides, and fun videos on Sporcle TV.

Show Comments

Extras

Top Quizzes Today


Score Distribution

Paid Content

Your Account Isn't Verified!

In order to create a playlist on Sporcle, you need to verify the email address you used during registration. Go to your Sporcle Settings to finish the process.

Report this User

Report this user for behavior that violates our Community Guidelines.

Details: